World War II Quiz - Statistics

General Stats
  • This quiz has been taken 11 times
  • The average score is 5 of 20
Answer Stats
Hint Answer % Correct
Nickname for Japanese by Americans Japs
75%
Year of Above 1943
63%
Failed Japanese attack on this major Australian City Sydney
63%
Number of Monarchs from Foreign countries that settled in England during the war Six/6
50%
When did Answer Above get independence again, and from whom? 1947, United States of America
38%
Nickname for the Germans by Americans Krauts
38%
Countries in East Asia created from the War (I'm aware I likely missed some) Taiwan, Vietnam, Laos, Cambodia, Indonesia
38%
Country Created by Italy for their safety Vatican City
38%
Patton was demoted in: (location) Sicily
25%
Other Neutral Country invaded by Allies Iran
13%
Country that helped the Raj and British in Burma Nepal
13%
Soldier faction of the Southern Pacific Australian and New Zealand Army Corps (ANZAC)
0%
Above's Original Name (Hint: Named after the Village it was next to) Bénouville Bridge
0%
Operation Fork invaded Who and Why? Iceland, Belief of Nazi Radars
0%
Beat Lt. Winters to the MoH (also part of the 101st) Lt. Col. Robert Cole
0%
Weapon used to Assassinate Mussolini MAS 38
0%
Nickname for Italians by Americans None
0%
Why did Japan never invade Australia? Opposed by Tojo and the IJA
0%
Bridge renamed after the Operation of the 2nd Airborne (Modern Name) Pegasus Bridge
0%
First Operation involving the Airborne Torch
0%
No matching quizzes found
Score Distribution
Percent of People with Each Score
Percentile by Number Answered
Your Score History
You have not taken this quiz